Statistics for Top 15 Countries with Covid-19 Cases - 12 September

Click here to take the quiz!

General Stats

  • This quiz has been taken 18 times
  • The average score is 16 of 23

Answer Stats

country% Correct
Brazil
94%
India
94%
United Kingdom
94%
United States
94%
Russia
89%
Argentina
83%
France
83%
Peru
83%
Chile
78%
Chile
78%
Colombia
78%
Iran
78%
Mexico
78%
Spain
78%
South Africa
67%
Qatar
56%
Bangladesh
50%
Panama
50%
Bahrain
44%
Armenia
39%
Kuwait
39%
Oman
39%
Israel
33%

Score Distribution

Percentile by Number Answered

Percent of People with Each Score

Your Score History

You have not taken this quiz